000 00522nam a2200145 4500
999 _c7541
_d7541
008 170929b xxu||||| |||| 00| 0 eng d
022 _a01181831
082 _aDPer 613.05 H34 Jul-Nov 2013
245 _aHealth tips from the stars:
_bfitness advice from celebrities that will inspire you to kick-start a healthy lifestyle.
260 _aPhilippines:
_bMIMS Pte Ltd KDN,
_c©2013.
300 _apages 50-58:
_billustrations;
_c28 cm.
500 _aHealth today.
650 0 _922839
_aHealth
_xTips.
942 _2ddc
_cPER